| 000 | 01336cad a22002295a 4500 | ||
|---|---|---|---|
| 001 | L157099 | ||
| 008 | 120829s2012 xxk f 000 0 eng d | ||
| 035 | _a(Sirsi) u157099 | ||
| 041 | 0 | _aeng | |
| 110 | 2 |
_aUnited Kingdom _kLaws, etc _95044 |
|
| 245 | 0 | 4 |
_aThe Home Energy Efficiency Scheme (England) (Amendment) Regulations 2012 _h[electronic resource] |
| 260 | _c2012 | ||
| 490 | 0 |
_aStatutory Instrument _v2012: 2140 |
|
| 520 | _aThese Regulations amend the Home Energy Efficiency Scheme (England) Regulations 2005 (S.I. 2005/1539). They will broaden the eligability criteria for the Warm Front Scheme which provides heating and insulation improvements to households on certain income related benefits living in properties that are poorly insulated and allow people living in mobile homes to be assisted under the scheme and will enable the closure of the scheme to new applicants later in 2012. | ||
| 590 | _aKA | ||
| 651 | 4 | _aEngland | |
| 690 |
_aEnergy _96237 |
||
| 690 |
_aSustainability _96271 |
||
| 856 | 4 | 0 |
_uhttps://www.legislation.gov.uk/uksi/2012/2140/pdfs/uksi_20122140_en.pdf _zView the regulations free of charge at www.legislation.gov.uk |
| 856 | 4 | 0 |
_uhttps://www.legislation.gov.uk/uksi/2012/2140/pdfs/uksiem_20122140_en.pdf _zView the explanatory memorandum free of charge at www.legislation.gov.uk |
| 942 | _n0 | ||
| 999 |
_c114596 _d114596 |
||